¿Por qué el psicoanálisis? / (Record no. 28620)

MARC details
000 -LEADER
campo de control de longitud fija 00585nam a22002177a 4500
001 - NÚMERO DE CONTROL
campo de control 00028590
005 - FECHA Y HORA DE LA ÚLTIMA TRANSACCIÓN
campo de control 20260319141037.0
008 - DATOS DE LONGITUD FIJA--INFORMACIÓN GENERAL
campo de control de longitud fija 260319b ag ||||| |||| 00| 0 spa d
020 ## - NÚMERO INTERNACIONAL ESTÁNDAR DEL LIBRO
Número Internacional Estándar del Libro 9501269531
040 ## - FUENTE DE CATALOGACIÓN
Centro catalogador/agencia de origen AR-CcCEOS
Lengua de catalogación Español; Castellano
Centro/agencia transcriptor AR-CcCEOS
041 ## - CÓDIGO DE IDIOMA
Código de lengua del texto/banda sonora o título independiente Español; Castellano
080 ## - NÚMERO DE LA CLASIFICACIÓN DECIMAL UNIVERSAL
Número de la Clasificación Decimal Universal 316
090 ## - LOCALMENTE ASIGNADO TIPO-LC NÚMERO DE CLASIFICACIÓN (OCLC); NÚMERO DE CLASIFICACIÓN LOCAL (RLIN)
Número cutter local (OCLC) ; Número de libro/Signatura topográfica íntegra, CALL (RLIN) ROU
100 1# - ENTRADA PRINCIPAL--NOMBRE DE PERSONA
Nombre de persona Roudinesco, Elisabeth,
Fechas asociadas al nombre 1944-
9 (RLIN) 921
245 ## - MENCIÓN DEL TÍTULO
Título ¿Por qué el psicoanálisis? /
Mención de responsabilidad, etc. Élisabeth Roudinesco
264 ## - PRODUCCIÓN, PUBLICACIÓN, DISTRIBUCIÓN, FABRICACIÓN Y COPYRIGHT
Producción, publicación, distribución, fabricación y copyright México :
Nombre del de productor, editor, distribuidor, fabricante Paidós,
Fecha de producción, publicación, distribución, fabricación o copyright c2000.
300 ## - DESCRIPCIÓN FÍSICA
Extensión 130 p. ;
Dimensiones 24x15 cm.
650 #0 - PUNTO DE ACCESO ADICIONAL DE MATERIA--TÉRMINO DE MATERIA
Término de materia o nombre geográfico como elemento de entrada psicología
9 (RLIN) 114
655 #0 - TERMINO DE INDIZACIÓN--GENERO/FORMA
Datos o término principal de género/forma psicoanalisis
9 (RLIN) 442
942 ## - ELEMENTOS DE ENTRADA SECUNDARIOS (KOHA)
Fuente de la clasificación o esquema de estantería Clasificación decimal universal
Tipo de ítem Koha Libros
Suprimir en OPAC No
Holdings
Estatus retirado Estado de pérdida Fuente de la clasificación o esquema de estantería Estado de daño No para préstamo Biblioteca de origen Biblioteca actual Fecha de adquisición Número de inventario Total de préstamos Signatura topográfica completa Información codificada de la localización en otra ubicación Colección Código de barras Visto por última vez Precio de reemplazo Tipo de ítem Koha
    Clasificación decimal universal     Biblioteca Julio Serebrinsky Biblioteca Julio Serebrinsky 19/03/2026 46148   316 ROU SER 46148 19/03/2026 19/03/2026 Libros